| 000 | 01099cam a22003377a 4500 | ||
|---|---|---|---|
| 003 | CHAP | ||
| 005 | 20220329134737.0 | ||
| 008 | 971013s1994 uk r 00010 eng d | ||
| 010 | _a25155 | ||
| 011 | _a26127 | ||
| 035 | _a30227 | ||
| 040 | _cCHAP | ||
| 090 | _aR-3493 | ||
| 100 | 0 | 0 |
_aMarcilla, A. _971293 |
| 245 | 1 | 0 |
_aStudy of manufacturing process of Xixona turron _b: influence of the variable |
| 500 | _aSobretiro de : Journal of food engineering 21(1) : 61-79,1994 | ||
| 501 | _aEnc. con otros impresos similares | ||
| 590 |
_aBATCH-UPD _b10 _c20130110 _lUCH01 _h0006 |
||
| 590 |
_aBATCH-UPD _b10 _c20130110 _lUCH01 _h1858 |
||
| 590 |
_aBATCH-UPD _b10 _c20130410 _lUCH01 _h1226 |
||
| 590 |
_aBATCH-UPD _b10 _c20130914 _lUCH01 _h0127 |
||
| 590 |
_aCONVERSION _b10 _c20130109 _lUCH01 _h1315 |
||
| 650 | 1 | 4 |
_aAlimentos _xPropiedades reologicas. _94271 |
| 650 | 1 | 4 |
_aAlmendro _xProcesado. _94528 |
| 650 | 1 | 4 |
_aTurrón de Jijona. _9115693 |
| 700 | 0 |
_aMartínez, E. _972665 |
|
| 901 | _aBK | ||
| 905 | _aAlejandra Carrasco M. | ||
| 942 | _cREIMP | ||
| 949 |
_aR-3493 _bBC _cR _d302271 _eTS1 _i30227 _sb |
||
| 999 |
_c25155 _d25155 |
||